[Event "Bandar e Anzali Khazar Cup 16th"]
[Site "Bandar e Anzali"]
[Date "2018.03.02"]
[Round "4"]
[White "Daneshvar, Bardiya"]
[Black "Rostami, Rouzbeh"]
[Result "1-0"]
[WhiteElo "2355"]
[BlackElo "2174"]
[PlyCount "69"]
[EventDate "2018.02.27"]
[EventType "swiss"]
[EventRounds "9"]
[EventCountry "IRI"]
[SourceTitle "CBM 183 Extra"]
[Source "ChessBase"]
[SourceDate "2018.04.19"]
[SourceVersion "1"]
[SourceVersionDate "2018.04.19"]
[SourceQuality "1"]

1. d4 Nf6 2. Nf3 g6 3. g3 Bg7 4. Bg2 0-0 5. 0-0 d6 6. b3 Nc6 7. Bb2 Bf5 8. c4 a6 9. d5 Na5 10. Nbd2 c5 11. Nh4 Bd7 12. e4 b5 13. Qc2 Rb8 14. e5 Ng4 15. exd6 exd6 16. Bxg7 Kxg7 17. Ne4 Nb7 18. Qc3+ f6 19. Rae1 Kg8 20. f4 Nh6 21. h3 Nf5 22. Nxf5 Bxf5 23. g4 Bxe4 24. Rxe4 f5 25. gxf5 Rxf5 26. Bf3 Qf6 27. Qe3 h5 28. Re6 Qg7 29. Be2 bxc4 30. bxc4 Rf6 31. Kh1 Rbf8 32. Rg1 Nd8 33. Rxf6 Rxf6 34. Qe8+ Rf8 35. Qxg6 1-0